| 000 | 00661nam a22002057a 4500 | ||
|---|---|---|---|
| 005 | 20100806154426.0 | ||
| 010 | _aENG-98598 | ||
| 020 |
_a9788189840303 _c100.00 |
||
| 035 | _aEN-82131 | ||
| 037 | _bDBAD/PUB | ||
| 082 | _a657 | ||
| 100 |
_aNallusamy, M. _98121 |
||
| 245 |
_aIntroduction to accounting / _cby M. Nallusamy |
||
| 260 |
_aEdode _bPallavi Pathippagam _c2008 |
||
| 270 |
_a94, Kanna Complex IInd Floor Mettur Road _bErode |
||
| 300 |
_a159p. _c21cm (pbk) |
||
| 650 |
_aAccounting _98122 |
||
| 942 |
_2ddc _cEN _h657 _mNAL |
||
| 999 |
_c39888 _d39888 |
||